Pays non-européens ayant le plus de touristes - Statistiques

Statistiques générales
  • Ce quiz a été pris 44 618 fois
  • Le résultat moyen est 15 sur 20
Statistiques - réponses
Rang # Arrivées Pays % Correct
3 66,5 M États-Unis
99%
17 24,8 M Chine
98%
16 25,1 M Japon
97%
23 18,3 M Canada
94%
6 41,9 M Mexique
94%
26 14,5 M Maroc
90%
10 32,2 M Inde
88%
12 28,2 M Thaïlande
83%
30 11,0 M Corée du Sud
82%
25 14,9 M Égypte
80%
34 8,48 M Afrique du Sud
79%
27 14,0 M Indonésie
76%
5 55,2 M Turquie
74%
29 12,6 M Viêt Nam
69%
33 9,37 M Tunisie
67%
13 28,1 M Émirats Arabes Unis
62%
14 27,4 M Arabie Saoudite
61%
21 20,1 M Malaisie
54%
19 21,1 M Singapour
48%
35 8,06 M République Dominicaine
24%
Aucun quiz correspondant
Distribution des résultats
% des personnes avec chaque résultat
Percentile par nombre de réponses
Votre historique - résultats
Vous n’avez pas pris ce quiz